Small and decentralized wastewater management systems
Αποθηκεύτηκε σε:
| Κύριος συγγραφέας: | |
|---|---|
| Άλλοι συγγραφείς: | |
| Μορφή: | Βιβλίο |
| Γλώσσα: | English |
| Δημοσίευση: |
Boston :
McGraw-Hill,
c1998
|
| Θέματα: | |
| Ετικέτες: |
Προσθήκη ετικέτας
Δεν υπάρχουν, Καταχωρήστε ετικέτα πρώτοι!
|
MARC
| LEADER | 00000nam a2200000 i 4500 | ||
|---|---|---|---|
| 001 | 1/15570 | ||
| 008 | 010122s1998 eng d | ||
| 020 | |a 0-07-289087-8 | ||
| 035 | |l 10065455 | ||
| 040 | |a GR-MY-UA |b gre |e aacr | ||
| 041 | 0 | |a eng | |
| 082 | 0 | |a 628.3 | |
| 100 | 1 | |a Crites, Ronald W. | |
| 245 | 1 | 0 | |a Small and decentralized wastewater management systems / |c Ron Crites; George Tchobanoglous |
| 260 | |a Boston : |b McGraw-Hill, |c c1998 | ||
| 300 | |a 1084 p. |b fig. | ||
| 504 | |a Includes index | ||
| 650 | 0 | 0 | |a Sewage disposal plants. |
| 650 | 0 | 0 | |a Appropriate technology. |
| 700 | 1 | |a Τσομπάνογλου, Γιώργος. | |
| 852 | |a INST |b LESVOS |e 20010122 |h 628.3 CRI |p 005100029183 |q 005100029183 |t BK |y 0 | ||
| 901 | |a BIBL1-2001-1 | ||
| 909 | |a Λ |b 084521 | ||
| 922 | |a 1ΕΛΗ |b 200012 |c ΤΑΚ/ΤΠ |d ΜΙΧΑΛΟΠΟΥΛΟΣ | ||
| 950 | |a 107-2000-12-04 | ||
| 970 | |a ΤΖΑΦΕΡΗ |b ΕΥΑΓΓΕΛΙΑ |z 2001/02/28 | ||